Villes occitanes en occitan - Statistiques

Statistiques générales
  • Ce quiz a été pris 59 fois
  • Le résultat moyen est 15 sur 20
Statistiques - réponses
Nom occitan Nom français % Correct
Tolosa Toulouse
100%
Avinhon Avignon
98%
Marselha Marseille
98%
Bordeu Bordeaux
96%
Clarmont Clermont-Ferrand
96%
Lemotges Limoges
96%
Montalban Montauban
96%
Tarba Tarbes
94%
Foish Foix
90%
Aush Auch
85%
Brageirac Bergerac
85%
Peirigús Périgueux
85%
Orlhac Aurillac
79%
Antibol Antibes
71%
Lo Puèi Le Puy-en-Velay
52%
Mónegue Monaco
52%
Rumans Romans-sur-Isère
52%
Lo Mont Mont-de-Marsan
40%
Dinha Dignes-les-Bains
25%
Garach Guéret
8%
Aucun quiz correspondant
Distribution des résultats
% des personnes avec chaque résultat
Percentile par nombre de réponses
Votre historique - résultats
Vous n’avez pas pris ce quiz